<?xml version="1.0" encoding="UTF-8"?>
<record
    xmlns:xsi="http://www.w3.org/2001/XMLSchema-instance"
    xsi:schemaLocation="http://www.loc.gov/MARC21/slim http://www.loc.gov/standards/marcxml/schema/MARC21slim.xsd"
    xmlns="http://www.loc.gov/MARC21/slim">

  <leader>05017nab a2200289 i 4500</leader>
  <controlfield tag="003">BR-BrBNA</controlfield>
  <controlfield tag="005">20240131151115.0</controlfield>
  <controlfield tag="008">240131b2018    bl.qr|pooa||| 00| 0 por |</controlfield>
  <datafield tag="040" ind1=" " ind2=" ">
    <subfield code="a">BR-BrBNA</subfield>
    <subfield code="b">por</subfield>
  </datafield>
  <datafield tag="072" ind1=" " ind2=" ">
    <subfield code="a">F04</subfield>
  </datafield>
  <datafield tag="072" ind1=" " ind2=" ">
    <subfield code="a">F60</subfield>
  </datafield>
  <datafield tag="100" ind1=" " ind2=" ">
    <subfield code="a">Pina, Jos&#xE9; Carlos</subfield>
  </datafield>
  <datafield tag="100" ind1=" " ind2=" ">
    <subfield code="a">Oliveira, Ademir Kleber Morbeck de</subfield>
  </datafield>
  <datafield tag="100" ind1=" " ind2=" ">
    <subfield code="a">Matias, Rosemary </subfield>
  </datafield>
  <datafield tag="100" ind1=" " ind2=" ">
    <subfield code="a">Silva, Fernanda da</subfield>
  </datafield>
  <datafield tag="245" ind1=" " ind2=" ">
    <subfield code="a">Influ&#xEA;ncia de diferentes substratos na produ&#xE7;&#xE3;o de fitoconstituintes de Moringa oleifera Lam. cultivada a pleno sol </subfield>
  </datafield>
  <datafield tag="500" ind1=" " ind2=" ">
    <subfield code="a">Publica&#xE7;&#xE3;o on-line; 49 ref.; 2 tables; 1 illus.; Summaries (En, Pt)</subfield>
  </datafield>
  <datafield tag="520" ind1=" " ind2=" ">
    <subfield code="a">

RESUMO

A  an&#xE1;lise  de  extratos  de  folhas  de  Moringa  oleifera  cultivadas  em  diferentes  substratos  oferece  a  oportunidade  de  se  examinar  um  conjunto  de  metab&#xF3;litos  secund&#xE1;rios,  que  podem  ser  utilizados  para  diversos fins, como nutrientes e na medicina. Levando-se esses fatores em considera&#xE7;&#xE3;o, foi montado um experimento  em  delineamento  experimental,  conduzido  com  blocos  inteiramente  casualizados,  com  sete  tratamentos:  (1)  100%  neossolo  quartzar&#xEA;nico;  (2)  neossolo  quartzar&#xEA;nico  60%  x  40%  vermicomposto;  (3)  neossolo  quartzar&#xEA;nico  80%  x  20%  vermicomposto;  (4)  neossolo  quartzar&#xEA;nico  60%  x  40%  casca  de  arroz  carbonizada;  (5)  neossolo  quartzar&#xEA;nico  80%  x  20%  casca  de  arroz  carbonizada;  (6)  neossolo  quartzar&#xEA;nico 60% x 40% solo argiloso; e, (7) neossolo quartzar&#xEA;nico 40% x 60% solo argiloso, a pleno sol, quatro repeti&#xE7;&#xF5;es por tratamento. A avalia&#xE7;&#xE3;o de crescimento da parte a&#xE9;rea foi realizada aos 105 dias, com a coleta das folhas, secas em estufa de ventila&#xE7;&#xE3;o for&#xE7;ada e posteriormente trituradas e pesadas. Com o material obtido foram preparados extratos metan&#xF3;licos e aquosos (20%), submetidos &#xE0; an&#xE1;lise fitoqu&#xED;mica. Foi detectada a presen&#xE7;a de compostos fen&#xF3;licos, taninos, flavonoides, cumarinas, esteroides, heteros&#xED;deos cardioativos,  alcaloides  e  a&#xE7;&#xFA;cares  redutores.  Estes  compostos  s&#xE3;o  provavelmente  os  respons&#xE1;veis  em conferir amplo espectro de atividades biol&#xF3;gicas atribu&#xED;das &#xE0;s folhas da esp&#xE9;cie. Por&#xE9;m, o presente estudo sugere cautela em seu uso indiscriminado, devido &#xE0; grande presen&#xE7;a de heteros&#xED;deos cardioativos. A maior ou menor quantidade de metab&#xF3;litos foi influenciada pelos diferentes substratos e, na depend&#xEA;ncia do tipo de utiliza&#xE7;&#xE3;o da esp&#xE9;cie diferentes tipos de cultivos seriam necess&#xE1;rios para aumentar ou diminuir determinados compostos presentes em suas folhas.

Palavras-chave: metab&#xF3;litos secund&#xE1;rios; an&#xE1;lise de crescimento; Moringaceae</subfield>
  </datafield>
  <datafield tag="520" ind1=" " ind2=" ">
    <subfield code="a">

ABSTRACT

The analysis of Moringa oleifera leaf extracts when grown on different substrates provides the opportunity to examine a set of secondary metabolites, which can be utilized for various purposes, as nutrients and in medicine. Taking those factors into consideration, an experiment was set up in a completely randomized block,  conducted  with  seven  treatments:  (1)  100%  quartzipsamment;  (2)  quartzipsamment  60%  x  40%  vermicompost; (3) quartzipsamment 80% x 20% vermicompost; (4) quartzipsamment 60% x 40% carbonized rice husk; (5) quartzipsamment 80% x 20% carbonized rice husk; (6) quartzipsamment 60% x 40% clay soil;  and  (7)  quartzipsamment  40%  x  60%  clay  soil,  in  full  sun,  with  four  replicates  per  treatment.  The shoot growth evaluation was performed at 105 days, with the leaves collected, dried in a forced ventilation oven  and  later  crushed  and  weighed.  With  the  material  obtained,  methanolic  and  aqueous  extracts  were  prepared at 20% and submitted to phytochemical analysis. The presence of phenolic compounds, tannins, flavonoids, coumarins, steroids, cardioactive heterosides, alkaloids and reducing sugars was detected. These compounds are probably responsible for conferring a broad spectrum of biological activities attributed to the leaves of the species. However, the present study suggests caution in its indiscriminate use due to the great presence of cardioactive heterosides. The greater or lesser amount of metabolites was influenced by the different substrates and, depending on the type of use of the species, different types of crops would be necessary to increase or decrease certain compounds present in its leaves.

Keywords: secondary metabolites; growth analysis; Moringaceae.</subfield>
  </datafield>
  <datafield tag="650" ind1=" " ind2=" ">
    <subfield code="a">CRESCIMENTO</subfield>
  </datafield>
  <datafield tag="650" ind1=" " ind2=" ">
    <subfield code="a">MORINGA OLEIFERA</subfield>
  </datafield>
  <datafield tag="650" ind1=" " ind2=" ">
    <subfield code="a">SUBSTRATO DE CULTURA</subfield>
  </datafield>
  <datafield tag="773" ind1="0" ind2=" ">
    <subfield code="0">4065</subfield>
    <subfield code="9">198128</subfield>
    <subfield code="d">Santa Maria-RS Universidade Federal de Santa Maria - Centro de Pesquisas Florestais.Departamento de Ci&#xEA;ncias Florestais. Programa de P&#xF3;s-Gradua&#xE7;&#xE3;o em Engenharia Florestal 1991</subfield>
    <subfield code="o">2023-437009</subfield>
    <subfield code="t">Ci&#xEA;ncia Florestal (Brazil)</subfield>
    <subfield code="x">0103-9954; 1980-5098 (on-line)</subfield>
    <subfield code="g">v. 28(3) p. 1076-1087; (Jul-Sep 2018)</subfield>
    <subfield code="w">BR2023001513</subfield>
  </datafield>
  <datafield tag="856" ind1=" " ind2=" ">
    <subfield code="u">https://periodicos.ufsm.br/cienciaflorestal/article/view/33394/pdf</subfield>
  </datafield>
  <datafield tag="942" ind1=" " ind2=" ">
    <subfield code="c">Anal&#xED;tica</subfield>
  </datafield>
  <datafield tag="999" ind1=" " ind2=" ">
    <subfield code="c">298401</subfield>
    <subfield code="d">298401</subfield>
  </datafield>
</record>
